000
00335nam a2200145Ia 4500
008
221030s9999 xx 000 0 und d
041
_a
English
082
_a
105.23
100
_a
M. Tyra
245
0
_a
Magical Book on Quicker Maths
_c
by M. Tyra
260
_b
BSC Pub
_a
Delhi
_c
2005
300
_a
807
650
_a
General
942
_c
BK
999
_c
4366
_d
4366